00490 a2200181 450000100060000002000150000604000240002110000180004524000430006324500380010630000070014436200090015144000120016065000240017294200070019695200880020399900170029168809 a8586006386 cAnchieta - Itaigara aGumz, Adriana10aA girafa que fugiu do zoológicolpor10aA girafa que fugiu do zoológico a160 a1999 1aÁtica 4aLiteratura infantil cBK 00104070a88.1b88.1d2023-11-21l0p525/ITAr2023-11-21 20:03:07w2023-11-21yBK c68809d68809